| 000 | 00809nam a2200193Ia 4500 | ||
|---|---|---|---|
| 003 | GCL | ||
| 008 | 140319s9999 xx 000 0 ara d | ||
| 040 |
_aGCL / _cGCL |
||
| 082 | 0 | 4 |
_aق _b338.9 _bج م |
| 100 | 1 | _aالجهاز المركزى للتعبئة العامة | |
| 245 | 1 | 0 |
_aالمقومات الاقتصادية لمحافظة البحر الاحمر / _cالجهاز المركزى للتعبئة العامة |
| 260 |
_aالقاهرة : _bالجهاز المركزى للتعبئة العامة والاحصاء ، _c1989 |
||
| 490 | _a | ||
| 650 | 0 | 4 | _aالتخطيط الاقتصادى |
| 650 | 0 | 4 | _aالبحر الاحمر - السكان |
| 650 | 0 | 4 | _aالبحر الاحمر - التنمية الاقتصادية |
| 650 | 0 | 4 | _aالبحر الاحمر - السياحة |
| 942 |
_2ddc _cBK |
||
| 999 |
_c38329 _d38329 |
||